000 00527nam a22001817a 4500
005 20140922113805.0
010 _aENG-110844
020 _a9788184302233
_c400.00
035 _aEN-94376
037 _bDBAD/PUB
082 _a230.1
100 _aReejhsinghani, Aroona
245 _aWhen lord Krishna walked the earth /
_cby Aroona Reejhsinghani
260 _aNew Delhi
_bOcean Books
_c2013
270 _a4/19 Asaf Ali road
_bNew Delhi
_e110002
300 _a272p.
_c22cm(Hb)
942 _2ddc
_cEN
_mREE
_h230.1
999 _c88586
_d88586